International Public Administration Reform: (Record no. 6898)

MARC details
000 -LEADER
fixed length control field 00505nam a22001457a 4500
008 - FIXED-LENGTH DATA ELEMENTS--GENERAL INFORMATION
fixed length control field 200403b ||||| |||| 00| 0 eng d
020 ## - INTERNATIONAL STANDARD BOOK NUMBER
International Standard Book Number 0-8213-5572-4
082 ## - DEWEY DECIMAL CLASSIFICATION NUMBER
Classification number 352.367 094 7 MAN
100 ## - MAIN ENTRY--PERSONAL NAME
Personal name Manning, Nick.-
245 ## - TITLE STATEMENT
Title International Public Administration Reform:
Remainder of title Implications for the Russian Federation/
Statement of responsibility, etc. Nick Manning and Neil Parison.-
Medium English.
260 ## - PUBLICATION, DISTRIBUTION, ETC. (IMPRINT)
Place of publication, distribution, etc. Washington, D.C.:
Name of publisher, distributor, etc. The World Bank,
Date of publication, distribution, etc. 2003.
300 ## - PHYSICAL DESCRIPTION
Extent xvi, 113p;
Dimensions 23cn.-
650 ## - SUBJECT ADDED ENTRY--TOPICAL TERM
Source of heading or term PUBLIC ADMINISTRATION
942 ## - ADDED ENTRY ELEMENTS (KOHA)
Source of classification or shelving scheme Dewey Decimal Classification
Koha item type BOOKS

No items available.

IRDP © 2021 :: Managed by ICT Team